|
|
|
|
| LEADER |
00801nam a2200229 i 4500 |
| 001 |
c000248243 |
| 003 |
CARM |
| 005 |
00000000000000.0 |
| 008 |
840312s1968 mau 0 eng d |
| 019 |
1 |
|
|a 26780952
|z 701135
|5 LACONCORD2021
|
| 035 |
|
|
|a (OCoLC)368454
|5 LACONCORD2021
|
| 082 |
0 |
4 |
|a 108
|
| 100 |
1 |
|
|a De Santillana, Giorgio,
|d 1902-
|
| 245 |
1 |
0 |
|a Reflections on men and ideas.
|
| 260 |
|
|
|a Cambridge, Mass., :
|b M.I.T. Press,
|c [1968].
|
| 300 |
|
|
|a 381 p.
|
| 500 |
|
|
|a English, French, or Italian.
|
| 650 |
|
0 |
|a Philosophy.
|
| 650 |
|
0 |
|a Science
|x History.
|
| 852 |
8 |
|
|b CARM
|h A2:AQ04G0
|i C08506
|p 0321434
|f BK
|
| 999 |
f |
f |
|i 929fe2cb-6703-56b1-b048-2fa397da57fb
|s 0feee211-ce2a-57b1-b166-4ecb811afd29
|
| 952 |
f |
f |
|p Can circulate
|a CAVAL
|b CAVAL
|c CAVAL
|d CARM 1 Store
|e C08506
|f A2:AQ04G0
|h Other scheme
|i book
|m 0321434
|